山陰本線と交差する鉄道路線 - Statistics

General Stats
  • This quiz has been taken 38 times
  • The average score is 5 of 8
Answer Stats
Answer % Correct
京都市営地下鉄東西線
100%
阪急京都本線
70%
京福嵐山本線
64%
京福北野線
64%
山陽本線
58%
嵯峨野観光線
45%
嵯峨野観光線
45%
嵯峨野観光線
45%
No matching quizzes found
Score Distribution
Percent of People with Each Score
Percentile by Number Answered
Your Score History
You have not taken this quiz